[Event "AUTO-OPEN-2870"]
[Site "http://www.queenalice.com/game.php?id=1133296"]
[Date "2012.12.21"]
[Round "1"]
[White "Betim_Xadrez"]
[Black "smartfox"]
[Result "0-1"]
[WhiteElo "1572"]
[BlackElo "1909"]

1. e4 e5 2. Nf3 Nc6 3. Bb5 Nf6 4. Nc3 Bb4 5. O-O O-O 6. a3 Bxc3 7. Bxc6 Bd4 8.
Nxd4 exd4 9. Ba4 Nxe4 10. Re1 d5 11. d3 Nc5 12. c3 dxc3 13. bxc3 Bf5 14. Bc2 Qf6
15. Bb2 Rae8 16. Re2 Qg6 17. d4 Rxe2 18. Bxf5 Qxf5 19. Qxe2 Nd3 20. Rf1 Qe4 21.
Qxe4 dxe4 22. Ba1 Re8 23. c4 e3 24. fxe3 Rxe3 25. a4 Re1 26. Rxe1 Nxe1 27. a5
Nc2 28. Bc3 Ne3 29. c5 f5 30. Kf2 Nd1+ 0-1

[Event "AUTO-OPEN-2870"]
[Site "http://www.queenalice.com/game.php?id=1133297"]
[Date "2012.12.21"]
[Round "1"]
[White "smartfox"]
[Black "Betim_Xadrez"]
[Result "1-0"]
[WhiteElo "1902"]
[BlackElo "1669"]

1. e4 e5 2. Nf3 Nc6 3. Bc4 Bc5 4. O-O Nf6 5. Nc3 O-O 6. d3 d6 7. Bg5 Bg4 8. Nd5
Nd4 9. b4 Nxf3+ 10. gxf3 Bd4 11. fxg4 Bxa1 12. Qf3 Bd4 13. Bxf6 gxf6 14. Nxf6+
Kg7 15. g5 Rh8 16. Nh5+ Kg6 17. Bxf7+ Kxg5 18. Qg3+ Kh6 19. Qg7# 1-0

[Event "AUTO-OPEN-2870"]
[Site "http://www.queenalice.com/game.php?id=1133339"]
[Date "2012.12.21"]
[Round "1"]
[White "smartfox"]
[Black "AAART"]
[Result "1-0"]
[WhiteElo "1910"]
[BlackElo "1854"]

1. e4 c5 2. Nf3 d6 3. Bc4 Nf6 4. d3 e6 5. Bb3 b5 6. Nc3 a6 7. O-O Be7 8. e5 dxe5
9. Nxe5 Bb7 10. Re1 O-O 11. Qe2 Nbd7 12. Nxf7 1-0

[Event "Let's Play Chess!"]
[Site "http://www.queenalice.com/game.php?id=1262343"]
[Date "2014.3.8"]
[Round "-"]
[White "smartfox"]
[Black "ztnilz"]
[Result "0-1"]
[WhiteElo "1843"]
[BlackElo "1919"]

1. e4 e6 2. Nf3 f5 3. Nc3 Nf6 4. Bc4 d6 5. exf5 d5 6. Bb3 exf5 7. d4 c6 8. O-O
Be7 9. Qd3 O-O 10. Re1 Bd6 11. Bg5 Be7 12. a4 Ne4 13. Bxe7 Qxe7 0-1

[Event "AUTO-ADV-3847"]
[Site "http://www.queenalice.com/game.php?id=1481263"]
[Date "2017.6.6"]
[Round "1"]
[White "Paraucho"]
[Black "smartfox"]
[Result "1-0"]
[WhiteElo "2058"]
[BlackElo "1787"]

1. e4 e5 2. Bc4 Nf6 3. Qe2 Nc6 4. Nf3 Bc5 5. c3 O-O 6. O-O d5 7. exd5 Nxd5 8.
Nxe5 Re8 9. Nxc6 bxc6 10. Qf3 Qh4 11. Bxd5 cxd5 12. d4 1-0

[Event "AUTO-ADV-3847"]
[Site "http://www.queenalice.com/game.php?id=1481264"]
[Date "2017.6.6"]
[Round "1"]
[White "smartfox"]
[Black "Paraucho"]
[Result "0-1"]
[WhiteElo "1793"]
[BlackElo "2052"]

1. e4 c6 2. d4 d5 3. Nc3 e6 4. Nf3 Bb4 5. exd5 exd5 6. Bf4 Ne7 7. Bd3 Bg4 8. O-O
O-O 9. a3 Bxc3 10. bxc3 Nd7 11. c4 dxc4 0-1

[Event "AUTO-ADV-3847"]
[Site "http://www.queenalice.com/game.php?id=1481275"]
[Date "2017.6.6"]
[Round "1"]
[White "MariusLola"]
[Black "smartfox"]
[Result "1-0"]
[WhiteElo "1753"]
[BlackElo "1830"]

1. e4 e5 2. Nf3 Nc6 3. Bb5 Nf6 4. O-O Nxe4 5. d4 a6 6. Bxc6 dxc6 7. Nxe5 f6 8.
Qh5+ g6 9. Nxg6 hxg6 10. Qxh8 Qxd4 11. c3 1-0

[Event "AUTO-ADV-3847"]
[Site "http://www.queenalice.com/game.php?id=1481276"]
[Date "2017.6.6"]
[Round "1"]
[White "smartfox"]
[Black "MariusLola"]
[Result "0-1"]
[WhiteElo "1811"]
[BlackElo "1772"]

1. e4 e5 2. Nf3 Nc6 3. d4 Nxd4 4. Nxd4 exd4 5. Qxd4 Nf6 6. Nc3 c6 7. Bf4 Be7 8.
Bc4 O-O 9. O-O b5 10. Bb3 Bb7 11. Rad1 c5 0-1

[Event "AUTO-ADV-4842"]
[Site "http://www.queenalice.com/game.php?id=1850823"]
[Date "2025.1.23"]
[Round "1"]
[White "smartfox"]
[Black "Canaye14"]
[Result "0-1"]
[WhiteElo "1768"]
[BlackElo "1887"]

1. d4 e6 2. Bf4 d5 3. e3 c5 4. c3 Nc6 5. Nf3 Nf6 6. h3 cxd4 7. exd4 Bd6 8. Bh2
O-O 9. Be2 a6 10. O-O b5 11. a4 b4 12. Re1 a5 13. Bf1 Bxh2+ 14. Kxh2 Qd6+ 15.
Kg1 Re8 16. Nbd2 Nd7 17. Qc2 Rb8 18. Bb5 bxc3 19. bxc3 Na7 20. Bxd7 Bxd7 0-1

[Event "AUTO-ADV-4842"]
[Site "http://www.queenalice.com/game.php?id=1850824"]
[Date "2025.1.23"]
[Round "1"]
[White "Canaye14"]
[Black "smartfox"]
[Result "1-0"]
[WhiteElo "1898"]
[BlackElo "1757"]

1. d4 Nf6 2. Nf3 g6 3. h3 Bg7 4. c4 d6 5. Nc3 O-O 6. e4 Nbd7 7. Bd3 e5 8. d5 Nc5
9. Bc2 a6 10. g4 Re8 11. b4 Ncd7 12. Be3 c6 13. dxc6 bxc6 14. Qxd6 Re6 15. Qd2
Bb7 16. Ke2 Rc8 17. Rag1 Qe7 18. g5 Ne8 19. h4 f5 20. exf5 Rd6 21. Qc1 1-0

[Event "AUTO-ADV-4842"]
[Site "http://www.queenalice.com/game.php?id=1850825"]
[Date "2025.1.23"]
[Round "1"]
[White "smartfox"]
[Black "dimitridruloza2012"]
[Result "0-1"]
[WhiteElo "1736"]
[BlackElo "1876"]

1. d4 b6 2. Bf4 Bb7 3. e3 g6 4. Nf3 Bg7 5. Be2 Nf6 6. O-O Nh5 7. Bg5 h6 8. Bh4
g5 9. Bg3 Nxg3 10. fxg3 e6 11. c3 Nc6 12. Nbd2 Na5 13. Nc4 Nc6 14. a4 Qe7 15.
Nfe5 O-O-O 16. Nxf7 Rhf8 17. Nfe5 Bxe5 0-1

[Event "AUTO-ADV-4842"]
[Site "http://www.queenalice.com/game.php?id=1850826"]
[Date "2025.1.23"]
[Round "1"]
[White "dimitridruloza2012"]
[Black "smartfox"]
[Result "1-0"]
[WhiteElo "1865"]
[BlackElo "1747"]

1. g3 Nf6 2. Bg2 g6 3. b3 Bg7 4. Bb2 O-O 5. Na3 c6 6. Nf3 d5 7. Nh4 Nbd7 8. e3
e5 9. Qe2 Re8 10. O-O-O d4 11. Kb1 Nc5 12. Rc1 d3 13. Qf1 Nce4 14. Rd1 dxc2+ 15.
Kxc2 Nd6 16. Kb1 Nde4 17. Bxe4 Nxe4 18. d3 1-0

[Event "AUTO-ADV-4842"]
[Site "http://www.queenalice.com/game.php?id=1850827"]
[Date "2025.1.23"]
[Round "1"]
[White "smartfox"]
[Black "Numberzero"]
[Result "1-0"]
[WhiteElo "1751"]
[BlackElo "1569"]

1. d4 e6 2. Bf4 Nf6 3. e3 d5 4. Nf3 c5 5. c3 Nc6 6. h3 cxd4 7. exd4 Be7 8. Be2
O-O 9. O-O a5 10. a4 Bd6 11. Bh2 Ne4 12. Nbd2 f5 13. Re1 1-0

[Event "AUTO-ADV-4842"]
[Site "http://www.queenalice.com/game.php?id=1850828"]
[Date "2025.1.23"]
[Round "1"]
[White "Numberzero"]
[Black "smartfox"]
[Result "0-1"]
[WhiteElo "1560"]
[BlackElo "1760"]

1. g4 d5 2. Bg2 c6 3. g5 Bf5 4. d3 e6 5. e4 dxe4 6. dxe4 Bg6 7. Qxd8+ Kxd8 8.
Bf4 Bc5 9. h4 h6 10. Nd2 Ne7 11. f3 Bh5 0-1